Bőrszínház Balla István műtermében

Bibliographic Details
Main Authors: Balla, István (Author), Szabó, László G., 1955- (Author)
Format: Article
Language:Hungarian
PhysicalDescription:Fotogr. 5
Subjects:

MARC

LEADER 00000nab a2200000 a 4500
001 vtls000527746
003 SK-MaSNL
005 20260319074339.0
008 160202c1994 xo 0 hun
015 |a SNBRB19rr/mm-uuuuu 
035 |a CL0527884 
040 |a SNKBUCL  |b slo  |c SNKBUCL  |e AACR2 
041 0 |a hun 
044 |a xo  |c SK 
080 |a 745.53.071.1  |2 1981 
100 1 |a Balla, István  |4 aut  |9 536318 
245 1 0 |a Bőrszínház  |b Balla István műtermében  |c István Balla, László Szabó G. 
300 |b Fotogr. 5 
600 1 7 |a Balla, István  |2 snkbucl  |9 536318 
655 7 |a články z novín a časopisov  |2 snkbucl  |9 267496 
700 1 |a Szabó, László G.,  |d 1955-  |4 aut  |9 840019 
773 0 |t Vasárnap  |g Roč. 27, č. 37 (1994), s. 9 
850 |a Slovenská národná knižnica v Martine  |a DSG001 
852 |a SNK  |b KIS3GCP 
958 |a RK 
958 |a BC 
958 |a HU 
992 |a RBX 
999 |c 1587828  |d 1589758